L'évolution de la tuberculose pulmonaire chronique dans ses rapports avec la circulation générale et locale (Record no. 45661)
[ view plain ]
| 000 -LEADER | |
|---|---|
| campo de control de longitud fija | 00710nam a2200193 i 4500 |
| 001 - NÚMERO DE CONTROL | |
| campo de control | 45661 |
| 003 - IDENTIFICADOR DE NÚMERO DE CONTROL | |
| campo de control | ES-MaACL |
| 005 - FECHA Y HORA DE LA ÚLTIMA TRANSACCIÓN | |
| campo de control | 20250730025312.0 |
| 007 - CAMPO FIJO DE DESCRIPCIÓN FÍSICA--INFORMACIÓN GENERAL | |
| campo de control de longitud fija | t| |
| 008 - DATOS DE LONGITUD FIJA--INFORMACIÓN GENERAL | |
| campo de control de longitud fija | 030326s1924 fr ||||1| fre d |
| 100 1# - ENTRADA PRINCIPAL--NOMBRE DE PERSONA | |
| Nombre de persona | Colomban, Pierre. |
| 9 (RLIN) | 39816 |
| 245 12 - MENCIÓN DEL TÍTULO | |
| Título | L'évolution de la tuberculose pulmonaire chronique dans ses rapports avec la circulation générale et locale |
| Resto del título | : la cure déclive / |
| Mención de responsabilidad, etc. | Pierre Colomban ; preface du docteur F. Dumarest. |
| 260 ## - PUBLICACIÓN, DISTRIBUCIÓN, ETC. | |
| Lugar de publicación, distribución, etc. | Paris : |
| Nombre del editor, distribuidor, etc. | Masson, |
| Fecha de publicación, distribución, etc. | 1924 ( |
| Lugar de fabricación/manufactura | Lyon : |
| Fabricante | Imp. Express) |
| 300 ## - DESCRIPCIÓN FÍSICA | |
| Extensión | 228 p., 3 lám. ; |
| Dimensiones | 25 cm. |
| 650 07 - PUNTO DE ACCESO ADICIONAL DE MATERIA--TÉRMINO DE MATERIA | |
| Término de materia o nombre geográfico como elemento de entrada | Tuberculosis |
| Fuente del encabezamiento o término | embne |
| 9 (RLIN) | 17658 |
| 700 1# - ENTRADA AGREGADA--NOMBRE PERSONAL | |
| Nombre de persona | Dumarest, Frédéric ( |
| Fechas asociadas al nombre | 1870-1951) |
| 9 (RLIN) | 45978 |
| 852 ## - LOCALIZACIÓN | |
| Ubicación | ES-MaACL |
| Número de control de estantería | B-12082 |
| Estatus retirado | Estado de pérdida | Estado de daño | No para préstamo | Biblioteca de origen | Biblioteca actual | Ubicación en estantería | Fecha de adquisición | Fuente de adquisición | Total de préstamos | Signatura topográfica completa | Código de barras | Visto por última vez | Precio de reemplazo | Tipo de ítem Koha |
|---|---|---|---|---|---|---|---|---|---|---|---|---|---|---|
| Biblioteca del Ateneo de Madrid | Biblioteca del Ateneo de Madrid | Sala Pardo Bazán | 17/01/2008 | B-12082 | 1048039 | 23/02/2023 | 23/02/2023 | Libro impreso |
